000 00303nam a22001337a 4500
008 170511b xxu||||| |||| 00| 0 eng d
020 _a9780134578965
041 _aeng
080 _a34
100 _a15
101 _aSHJ
245 _aMARKETS FINANENCE ETHICS AND LAW
_cBEAR.L.A
942 _2udc
_cBK
999 _c13162
_d13162